书目信息 |
| 题名: |
突破句型
|
|
| 作者: | 李阳 主编 | |
| 分册: | ||
| 出版信息: | 广州 广东世界图书出版公司 2002.1 |
|
| 页数: | 158页 | |
| 开本: | 28cm | |
| 丛书名: | 李阳疯狂英语口语突破系列教材 | |
| 单 册: | ||
| 中图分类: | H314.3 | |
| 科图分类: | ||
| 主题词: | 英语--句型--教材 , 句型--教材 | |
| 电子资源: | ||
| ISBN: | 7-5062-4426-8 | |
| 000 | 00785nam2 2200253 45 | |
| 005 | 20060605153431.75 | |
| 010 | @a7-5062-4426-8@dCNY 28.00 | |
| 100 | @a20030323e20022002ekmy0chiy0121 ea | |
| 101 | 0 | @achi@aeng |
| 102 | @aCN@b440000 | |
| 105 | @aa z 000yy | |
| 200 | 1 | @a突破句型@Atu po ju xing@dCrack sentence patterns@f李阳主编@zeng |
| 210 | @a广州@c广东世界图书出版公司@d2002.1@h2002.9重印 | |
| 215 | @a158页@c图@d28cm | |
| 225 | 2 | @a李阳疯狂英语口语突破系列教材 |
| 300 | @a配有录音带3盒, 价格另计 | |
| 410 | 0 | @12001 @a李阳疯狂英语口语突破系列教材 |
| 510 | 1 | @aCrack sentence patterns@zeng |
| 606 | 0 | @a英语@x句型@j教材 |
| 606 | 0 | @a句型@j教材 |
| 690 | @aH314.3@v4 | |
| 701 | 0 | @a李阳@Ali yang@4主编 |
| 801 | 0 | @aCN@bQSSKxf3@c20060605 |
| 905 | @a10447@dH314.3@eL312 | |
| 突破句型=Crack sentence patterns/李阳主编.-广州:广东世界图书出版公司,2002.1(2002.9重印) |
| 158页:图;28cm.-(李阳疯狂英语口语突破系列教材) |
| 配有录音带3盒, 价格另计 |
| ISBN 7-5062-4426-8:CNY 28.00 |
| ● |
| 相关链接 |
|
|
|
正题名:突破句型
索取号:H314.3/L312
 
预约/预借
| 序号 | 登录号 | 条形码 | 馆藏地/架位号 | 状态 | 备注 |
| 1 | 423933 | 204239332 | 语言库209/ [索取号:H314.3/L312] | 在馆 | |
| 2 | 423934 | 204239341 | 社科二线400B/400B社科库 8排4列1层/ [索取号:H314.3/L312] | 在馆 | |
| 3 | 423935 | 204239350 | 语言库209/209语言库 36排3列3层/ [索取号:H314.3/L312] | 在馆 | |
| 4 | 440847 | 204408471 | 社科二线400B/400B社科库 8排4列1层/ [索取号:H314.3/L312] | 在馆 | |
| 5 | 440848 | 204408480 | 社科二线400B/400B社科库 8排4列1层/ [索取号:H314.3/L312] | 在馆 | |
| 6 | 440849 | 204408499 | 社科二线400B/400B社科库 8排4列1层/ [索取号:H314.3/L312] | 在馆 | |
| 7 | 606584 | 206065844 | 语言库209/209语言库 36排3列3层/ [索取号:H314.3/L312] | 在馆 | |
| 8 | 606585 | 206065853 | 语言库209/209语言库 36排3列3层/ [索取号:H314.3/L312] | 在馆 | |
| 9 | 606586 | 206065862 | 语言库209/209语言库 36排3列3层/ [索取号:H314.3/L312] | 在馆 |